| 000 | 00377pab a2200157 454500 | ||
|---|---|---|---|
| 008 | 180718b1989 xxu||||| |||| 00| 0 eng d | ||
| 100 | _aBird, Frederick B. | ||
| 245 | _aThe moral Muteness of managers | ||
| 260 | _c1989 | ||
| 300 | _a73-88 | ||
| 362 | _aFall | ||
| 650 | _aManagers | ||
| 700 | _aJames A. Waters | ||
| 773 | _aCalifornia Management Review | ||
| 909 | _a13484 | ||
| 999 |
_c13484 _d13484 |
||